| 000 | 01467nam a22002537a 4500 | ||
|---|---|---|---|
| 999 |
_c22159 _d22159 |
||
| 003 | AR-CdUCM | ||
| 008 | 190425b ||||| |||| 00| 0 spa d | ||
| 040 |
_aMUNICIPALIDAD PROVINCIAL DEL CUSCO _cBIBLIOTECA MUNICIPAL DEL CUSCO |
||
| 082 | _aOropesa/N°34/2000 | ||
| 245 |
_aOropesa : _brevista de cultura y educación de opinión y crítica / _cAmérico Valer Vargas, Director |
||
| 260 |
_aCusco. _bPantigozo, _c2000. |
||
| 300 |
_a22 páginas. : _bilustraciones ; _c30 cm. |
||
| 440 |
_aOropesa. _nAño XIX, N°XXXIV, febrero 2000. _947574 |
||
| 505 | _aContenido: Don Faustino Espinoza Navarro defensor de la cultura andina. Emeteria Uñapilco Roca. -- Tipon santuario del agua de los Inkas. Ernesto Vargas P. -- Realidad de la Villa de Oropesa en su CXXXIX Aniversario de creación política. -- Garcilaso 50 años forjando la identidad nacional. -- Hechos y acontecimientos de trascendencia en el siglo XX del Distrito de Oropesa. Alejandro Valer Vargas. -- Costumbres leyendas y tradiciones de Oropesa. Braulio Valer Pino. -- Apuntes Históricos de Oropesa en resumen. Eulogio Valer Vargas. -- Desarrollo sostenible en la Amazonia. | ||
| 650 |
_aPolítica cusqueña _947381 |
||
| 650 |
_aCultura andina _947570 |
||
| 650 |
_aSociedad cusqueña _947493 |
||
| 650 |
_aSiglo XX _947561 |
||
| 700 |
_aUñapilco Roca, Emeteria _947575 |
||
| 700 |
_aValer Vargas, Eulogio _947576 |
||
| 700 |
_aValer Vargas, Alejandro _947563 |
||
| 942 |
_2ddc _cPP |
||
| 945 | _arac | ||